Bhagavad Gita Part -2: (Record no. 39072)
[ view plain ]
| 000 -LEADER | |
|---|---|
| fixed length control field | 00893nam a22002297a 4500 |
| 005 - DATE AND TIME OF LATEST TRANSACTION | |
| control field | 20100803161516.0 |
| 010 ## - LCCN (DPL NO) | |
| LC control number | ENG-97997 |
| 020 ## - INTERNATIONAL STANDARD BOOK NUMBER | |
| International Standard Book Number | 978817287166 |
| Terms of availability | 278.00 |
| 020 ## - INTERNATIONAL STANDARD BOOK NUMBER | |
| International Standard Book Number | 9788172086947 (set) |
| Terms of availability | 278.00 |
| 035 ## - SYSTEM CONTROL NUMBER | |
| System control number | EN-81530 |
| 037 ## - SOURCE OF ACQUISITION | |
| Source of stock number/acquisition | DBAD/PUB |
| 082 ## - DEWEY DECIMAL CLASSIFICATION NUMBER | |
| Classification number | 181.45 |
| 100 ## - MAIN ENTRY--PERSONAL NAME | |
| Personal name | Nilayam, Prasanthi |
| 245 ## - TITLE STATEMENT | |
| Title | Bhagavad Gita Part -2: |
| Remainder of title | Discourses of bhagawan sri sathya sai baba on Jnana yoga & karma yoga / |
| Statement of responsibility, etc | by Prasanthi Nilayam |
| 260 ## - PUBLICATION, DISTRIBUTION, ETC. (IMPRINT) | |
| Place of publication, distribution, etc | Andhra Pradesh, |
| Name of publisher, distributor, etc | Sai Sathya Sadhanatrust, Publications |
| Date of publication, distribution, etc | 2009 |
| 270 ## - ADDRESS | |
| Address | Prasanthi Nilayam, |
| City | Andhra Pradesh, |
| Postal code | 515 134 |
| 300 ## - PHYSICAL DESCRIPTION | |
| Extent | V.2. 330p.: |
| Other physical details | ill |
| Dimensions | 20cm (pbk) |
| 650 ## - SUBJECT ADDED ENTRY--TOPICAL TERM | |
| Topical term or geographic name as entry element | Bhagavad Gita |
| 650 ## - SUBJECT ADDED ENTRY--TOPICAL TERM | |
| Topical term or geographic name as entry element | Vedanta |
| 942 ## - ADDED ENTRY ELEMENTS (KOHA) | |
| Source of classification or shelving scheme | Dewey Decimal Classification |
| Item type | English Books |
| Classification part | 181.45 |
| Call number suffix | NIL |
| Withdrawn status | Lost status | Not for loan | Collection code | Home library | Current library | Date acquired | Source of acquisition | Cost, normal purchase price | Full call number | Barcode | Copy number | Cost, replacement price | Koha item type |
|---|---|---|---|---|---|---|---|---|---|---|---|---|---|
| Not For Loan | Non-fiction | D.B.Act.Division | D.B.Act.Division | 03/08/2010 | DBAD/PUB | 278.00 | 181.45 NIL | EN-81530 | 1 | 278.00 | English Books |
